| 000 | 00692nam a2200169Ia 4500 | ||
|---|---|---|---|
| 005 | 20250508160026.0 | ||
| 008 | 008 250505s9999 xx 000 0 eng d | ||
| 037 | _aBooks to be hide in OPAC | ||
| 040 |
_aFEDL _beng _cFEDL |
||
| 041 |
_aeng _2eng |
||
| 084 |
_a379.1142, GRE/O _qFEDL |
||
| 245 | 0 | _aReport her majesty's commissioners appointed to inquire into the revenues and management of certain colleges and schools, and the studies pursued and instruction given therein ; with an appendix and evidence Vol. 1 | |
| 260 |
_aLondon, UK _bGeorge Edward Eyre and Wiliam Spottiswoode _c1864 |
||
| 300 | _a338p. | ||
| 942 |
_cHB _h379.1142, GRE/O |
||
| 999 |
_c1361160 _d1361160 |
||